Countries with Double Letters - One Minute Sprint - Statistics

General Stats
  • This quiz has been taken 491 times
  • The average score is 5 of 11
Answer Stats
Country % Correct
Russia
65%
Morocco
53%
Philippines
47%
Andorra
46%
Cameroon
46%
Greece
46%
Seychelles
37%
Marshall Islands
30%
Guinea-Bissau
27%
Saint Kitts and Nevis
27%
Sierra Leone
26%
No matching quizzes found
Score Distribution
Percent of People with Each Score
Percentile by Number Answered
Your Score History
You have not taken this quiz